[Event "GER-chT School WK 2"]
[Site "Playchess.com INT"]
[Date "2020.06.08"]
[Round "2.3"]
[White "Bungarten, Jona"]
[Black "Hencke, Lenny"]
[Result "1-0"]
[WhiteElo "1620"]
[BlackElo "1774"]
[PlyCount "51"]
[EventDate "2020.06.08"]
[EventType "team-swiss (blitz)"]
[EventRounds "7"]
[EventCountry "GER"]
[SourceTitle "EXT 2021"]
[Source "ChessBase"]
[SourceDate "2020.10.23"]
[SourceVersion "1"]
[SourceVersionDate "2020.10.23"]
[SourceQuality "1"]
[WhiteTeam "Bad Krozingen Max Planck"]
[BlackTeam "Paderborn Pelizaeus"]
[WhiteTeamCountry "GER"]
[BlackTeamCountry "GER"]

1. e4 c5 2. d4 cxd4 3. c3 d5 4. exd5 Qxd5 5. cxd4 Nc6 6. Nf3 e5 7. Nc3 Bb4 8. Bd2 Bxc3 9. Bxc3 e4 10. Ne5 Nxe5 11. dxe5 Ne7 12. Qe2 0-0 13. Rd1 Qxa2 14. Bb4 Qe6 15. Qxe4 Nf5 16. Bxf8 Bd7 17. Bb4 Bc6 18. Qf4 Qb3 19. Bc3 Ne7 20. Bc4 Qb6 21. Qxf7+ Kh8 22. e6 Rg8 23. Qxe7 Bxg2 24. Rg1 Qc6 25. Qxg7+ Rxg7 26. Rd8+ 1-0